000 00693nam a2200253Ia 4500
003 OSt
005 20220918202404.0
006 a|||||r|||| 00| 0
007 ta
008 220917b |||||||| |||| 00| 0 eng d
024 _a100,870
037 _cTextual
040 _aARTS
_cARTS
_beng
041 _2eng
_aeng
082 _aV2:73.F, L0
100 _aMaity S K
_952817
245 0 _aEarly Indian coins and currency system
260 _aNew Delhi
_bMunshiram Manoharlal
_c1970
300 _axii, 136p.
_ccm.
500 _aBibliography p117--127; Appendix p101--116
650 _aHISTORY
942 _hV2:73.F, L0
_cTEXL
_2CC
999 _c224387
_d224387